| 000 | 00391nam a2200133Ia 4500 | ||
|---|---|---|---|
| 008 | 240729s9999 xx 000 0 und d | ||
| 245 | 0 | _aMedical Journal of Viral Hepatitis | |
| 260 | _aEgypt | ||
| 260 | _bEgyptian Liver Research Institute and Hospital (ELRISH) | ||
| 650 | _aMedicine | ||
| 856 | _uhttps://doaj.org/toc/5da11b3cb05d4c819f6c528ade42d74b | ||
| 942 | _2ddc | ||
| 942 | _cDOAJEJ | ||
| 999 |
_c73207 _d73207 |
||
| 945 |
_a1 _bMadushi Gamage _c1 _dMadushi Gamage |
||